| 000 | 01538nam0a2200349 4500 | ||
|---|---|---|---|
| 001 | RU\NLR\bibl\1077780 | ||
| 005 | 20250615045221.0 | ||
| 010 |
_a978-5-465-00379-7 _95000 |
||
| 021 |
_aRU _b2007-16531 _9883 |
||
| 035 | _a(nilc)RSL-KNO-003083648 | ||
| 035 | _a(NLR Aleph) 001064973 | ||
| 090 |
_a962416 _c962416 |
||
| 100 | _a20070321d2007 |||y0rusy50 ca | ||
| 101 | 1 |
_arus _ceng |
|
| 102 | _aRU | ||
| 105 | _aa ||||||||| | ||
| 200 | 1 |
_aНожи _eиллюстрированная энциклопедия ножей для боя, охоты и выживания _fПэт Фейри _g[пер. с англ. Е. Б. Межевитинов] |
|
| 210 |
_aМосква _cОмега _d2007 |
||
| 215 |
_a139, [4] с. _cцв. ил. _d29 |
||
| 320 | _aУказ. в конце кн. | ||
| 606 | 1 |
_aНожи _jЭнциклопедии _91749472 _3RU\NLR\auth\66783590 |
|
| 610 | 0 | _aСельское и лесное хозяйство. Сельскохозяйственные и лесохозяйственные науки -- Охотничье хозяйство. Рыбное хозяйство -- Охота -- Орудия и способы добывания охотничьих животных -- Энциклопедия | |
| 686 |
_aП711.5я20 _2rubbk |
||
| 686 | _aЦ908я20 | ||
| 686 | _aМ725я20 | ||
| 700 | 1 |
_aФэйри _bП. _gПэт _4070 |
|
| 801 | 0 |
_aRU _bРКП _c20070321 |
|
| 801 | 1 |
_aRU _bРГБ _c20070321 |
|
| 801 | 2 |
_aRU _bNLR _c20070425 _grcr |
|
| 942 | _cBOOK | ||
| 980 | _aNB | ||